000 01019nam a2200253 i 4500
001 172054
003 ES-MaACL
005 20250808062824.0
008 090612s1989 sp |||| | spa d
020 _a84-220-1353-3
080 _a32(081) Cánovas del Castillo, Antonio
100 1 _aCánovas del Castillo, Antonio,
_d1828-1897
_934600
245 1 0 _aCánovas, un hombre para nuestro tiempo /
_cintroducción y antología por José María García Escudero ; prólogo de Manuel Fraga Iribarne.
260 _aMadrid :
_bLa Editorial Católica :
_bFundación Cánovas del Castillo,
_c1989.
300 _aXVIII, 300 p. ;
_c20 cm.
490 1 _aBiblioteca de autores cristianos ;
_v502
504 _aBibliografía: p. [283]-292.
700 1 _aGarcía Escudero, José María.
_954570
700 1 _aFraga Iribarne, Manuel,
_d1922-2012
_9193721
710 2 _aFundación Cánovas del Castillo.
_94244
830 1 0 _aBiblioteca de autores cristianos
_v502
_9178679
852 _aES-MaACL
_jJ-489
999 _c172054
_d172054